| 000 | 00640nam a22001577a 4500 | ||
|---|---|---|---|
| 003 | NUST | ||
| 038 | _aNusrat Nadeem | ||
| 082 | _a200 | ||
| 100 |
_aArshad, Zunaira _9130978 |
||
| 245 |
_aImpact of Connectedness to Nature on Voluntary Pro-Environmental Behavior: Mediating Role of Employee Mindfulness and Moderating Role of Perceived Environmental Effectiveness/ _cZunaira Arshad, |
||
| 264 |
_aIslamabad: _bNBS NUST. _c2025. |
||
| 650 |
_aMS-Management and Human Resource _9122991 |
||
| 700 |
_aSupervisor: Dr. Yasmine Muhammad Javaid Iqbal _9118386 |
||
| 856 | _uhttp://10.250.8.41:8080/xmlui/handle/123456789/55583 | ||
| 942 |
_2ddc _cSC |
||
| 999 |
_c615103 _d615103 |
||